Pays par pièce - Zone euro - Statistiques

Statistiques générales
  • Ce quiz a été pris 121 fois
  • Le résultat moyen est 8 sur 16
Statistiques - réponses
Par images Réponse % Correct
Croatie
93%
Allemagne
90%
Autriche
76%
pays-Bas
73%
Espagne
71%
Irlande
58%
Portugal
56%
Estonie
55%
France
44%
Italie
39%
grece
37%
Finlande
33%
Lituanie
33%
Slovenie
23%
Chypre
22%
saint-Marin
15%
Aucun quiz correspondant
Distribution des résultats
% des personnes avec chaque résultat
Percentile par nombre de réponses
Votre historique - résultats
Vous n’avez pas pris ce quiz